UBT Library

Sound design : (Record no. 42727)

000 -LEADER
fixed length control field 00855cam a22002414a 4500
001 - CONTROL NUMBER
control field 12407299
005 - DATE AND TIME OF LATEST TRANSACTION
control field 20180216033353.0
008 - FIXED-LENGTH DATA ELEMENTS--GENERAL INFORMATION
fixed length control field 010514s2001 cau b 001 0 eng
010 ## - LIBRARY OF CONGRESS CONTROL NUMBER
LC control number 2001035804
020 ## - INTERNATIONAL STANDARD BOOK NUMBER
International Standard Book Number 0941188264
040 ## - CATALOGING SOURCE
Original cataloging agency DLC
Transcribing agency DLC
Modifying agency DLC
041 ## - LANGUAGE CODE
Language code of text/sound track or separate title eng
042 ## - AUTHENTICATION CODE
Authentication code pcc
080 ## - UNIVERSAL DECIMAL CLASSIFICATION NUMBER
Universal Decimal Classification number 778.5344 SON
082 00 - DEWEY DECIMAL CLASSIFICATION NUMBER
Classification number 778.5344 SON
Edition number 21
100 1# - Rafti
Rafti 45
101 ## - Shkurtesa
Shkurtesa MUZ
245 10 - TITLE STATEMENT
Title Sound design :
Statement of responsibility, etc by David Sonnenschein.
504 ## - BIBLIOGRAPHY, ETC. NOTE
Bibliography, etc Includes bibliographical references (p. 227-231) and index.
906 ## - LOCAL DATA ELEMENT F, LDF (RLIN)
a 7
b cbc
c orignew
d 1
e ocip
f 20
g y-gencatlg
942 ## - ADDED ENTRY ELEMENTS (KOHA)
Source of classification or shelving scheme
Item type Books
Holdings
Withdrawn status Lost status Source of classification or shelving scheme Damaged status Not for loan Collection code Permanent location Current location Shelving location Date acquired Total Checkouts Full call number Barcode Date last seen Price effective from Koha item type
          Koleksioni i përgjithshem UBT - Lipjan UBT - Lipjan Koleksioni i përgjithshem 02/16/2018   778.5344 SON 002-2998444 02/16/2018 02/16/2018 Books
          Koleksioni i përgjithshem UBT - Lipjan UBT - Lipjan Koleksioni i përgjithshem 02/16/2018   778.5344 SON 002-2998439 02/16/2018 02/16/2018 Books
          Koleksioni i përgjithshem UBT - Lipjan UBT - Lipjan Koleksioni i përgjithshem 02/16/2018   778.5344 SON 002-2998434 02/16/2018 02/16/2018 Books
          Koleksioni i përgjithshem UBT - Lipjan UBT - Lipjan Koleksioni i përgjithshem 02/16/2018   778.5344 SON 002-2998429 02/16/2018 02/16/2018 Books
UBT Library © 2015-2024. All rights reserved University Education for Business and Technology